书目信息 |
| 题名: |
学会吃!快速调理肠胃病
|
|
| 作者: | 胡维勤 主编 | |
| 分册: | ||
| 出版信息: | 哈尔滨 黑龙江科学技术出版社 2018.01 |
|
| 页数: | 196页 | |
| 开本: | 22cm | |
| 丛书名: | ||
| 单 册: | ||
| 中图分类: | R256.3 , R247.1 | |
| 科图分类: | ||
| 主题词: | 胃肠病--食物疗法 , 中医学:临床医学 | |
| 电子资源: | ||
| ISBN: | 978-7-5388-9434-9 | |
| 000 | 01100nam0 2200253 450 | |
| 001 | 410 | |
| 005 | 20180922105120.96 | |
| 010 | @a978-7-5388-9434-9@b精装@dCNY39.80 | |
| 100 | @a20180217d2018 em y0chiy50 ea | |
| 101 | 0 | @achi |
| 102 | @aCN@b230000 | |
| 105 | @aa z 000yy | |
| 200 | 1 | @a学会吃!快速调理肠胃病@9xue hui chi!kuai su tiao li chang wei bing@f胡维勤主编 |
| 210 | @a哈尔滨@c黑龙江科学技术出版社@d2018.01 | |
| 215 | @a196页@c彩照@d22cm | |
| 300 | @a金版健康文库 美好生活典藏书系 | |
| 330 | @a本书首先系统地介绍了肠胃病的常识,包括常见肠胃病的症状、自我检测方法、日常调养等,让人们充分地认识肠胃病,了解自己的病情。针对人们最易患的肠胃病,本书分析了每种肠胃病的症状、原因、主要调养方法、忌吃食物、宜吃食物等内容,非常详细、具体,让读者一目了然。此外,本书还为一些特殊人群,如老年人、孕妇,儿童提供了多种健胃养肠方法,并针对他们的情况提供了最适宜的养肠调胃菜例。 | |
| 606 | 0 | @a胃肠病@x食物疗法 |
| 606 | 0 | @a中医学:临床医学 |
| 690 | @aR256.3@v5 | |
| 690 | @aR247.1@v4 | |
| 701 | 0 | @a胡维勤@9hu wei qin@4主编 |
| 801 | 0 | @aCN@b91MARC@c20180217 |
| 905 | @aMuseLib@dR247.1@e435 | |
| 学会吃!快速调理肠胃病/胡维勤主编.-哈尔滨:黑龙江科学技术出版社,2018.01 |
| 196页:彩照;22cm |
| 金版健康文库 美好生活典藏书系 |
| ISBN 978-7-5388-9434-9(精装):CNY39.80 |
| 本书首先系统地介绍了肠胃病的常识,包括常见肠胃病的症状、自我检测方法、日常调养等,让人们充分地认识肠胃病,了解自己的病情。针对人们最易患的肠胃病,本书分析了每种肠胃病的症状、原因、主要调养方法、忌吃食物、宜吃食物等内容,非常详细、具体,让读者一目了然。此外,本书还为一些特殊人群,如老年人、孕妇,儿童提供了多种健胃养肠方法,并针对他们的情况提供了最适宜的养肠调胃菜例。 |
| ● |
| 相关链接 |
|
|
|
|
正题名:学会吃!快速调理肠胃病
索取号:R247.1/435
 
预约/预借
| 序号 | 登录号 | 条形码 | 馆藏地/架位号 | 状态 | 备注 |
| 1 | 1119744 | 211197444 | 第二样本阅览室/ [索取号:R247.1/435] | 在馆 | |
| 2 | 1119745 | 211197453 | 密集书库-生命科学系/ [索取号:R247.1/435] | 在馆 | |
| 3 | 1119746 | 211197462 | 第三借阅区/ [索取号:R247.1/435] | 在馆 | |
| 4 | 1119747 | 211197471 | 第三借阅区/ [索取号:R247.1/435] | 在馆 | |
| 5 | 1119748 | 211197480 | 第三借阅区/ [索取号:R247.1/435] | 在馆 |